[Event "12. Lichtenberger Sommer"]
[Site "Berlin"]
[Date "2013.08.21"]
[Round "5.104"]
[White "Ziegel, Mandy Marie"]
[Black "Dittrich, Hans-Georg"]
[Result "1-0"]
[WhiteElo "1548"]
[BlackElo "1751"]
[PlyCount "69"]
[EventDate "2013.??.??"]
[WhiteTeam "Schachclub Oranienburg e.V."]
[BlackTeam "SG Blau-Weiß Stadtilm"]

1. d4 Nf6 2. c4 e6 3. Nc3 d5 4. Bg5 Nbd7 5. Nf3 c6 6. e3 Qa5 7. a3 h6 8. Bh4
dxc4 9. Bxc4 Nd5 10. Qc1 N7f6 11. Bxf6 Nxf6 12. O-O Be7 13. b4 Qd8 14. Rd1 O-O
15. Qb2 Qc7 16. Rac1 Bd6 17. e4 Bf4 18. Rc2 h5 19. g3 Bh6 20. Be2 Re8 21. e5
Nd5 22. Nh4 Nxc3 23. Rxc3 g5 24. Ng2 Qe7 25. Qc2 Rf8 26. Bxh5 f5 27. f4 Bd7 28.
Be2 Qg7 29. Bc4 Kf7 30. Rf3 Ke7 31. Bb3 Be8 32. Qc5+ Kf7 33. fxg5 Bxg5 34.
Rxf5+ Kg6 35. Rxf8 1-0

[Event "12. Lichtenberger Sommer"]
[Site "Berlin"]
[Date "2013.08.21"]
[Round "5.105"]
[White "Stark, Steven"]
[Black "Kujawa, Werner"]
[Result "0-1"]
[WhiteElo "1529"]
[BlackElo "1814"]
[PlyCount "132"]
[EventDate "2013.??.??"]
[WhiteTeam "BSC Rehberge 1945 e.V."]
[BlackTeam "SV Motor Wildau e.V."]

1. Nf3 Nf6 2. h3 d5 3. d3 c5 4. c3 Nc6 5. e3 e5 6. Be2 Bd6 7. Na3 a6 8. c4 d4
9. Ng5 h6 10. Ne4 Nxe4 11. dxe4 O-O 12. O-O f5 13. f3 Be6 14. b3 Qe7 15. Qe1
fxe4 16. fxe4 Rxf1+ 17. Bxf1 Rf8 18. Bd2 Qf6 19. Qg3 dxe3 20. Bxe3 Nd4 21. Bd3
Kh8 22. Rf1 Qe7 23. h4 Rxf1+ 24. Kxf1 Qf8+ 25. Bf2 h5 26. Qg6 Bg4 27. Nb1 Be7
28. Kg1 Qd8 29. Bf1 Bxh4 30. Bxh4 Qxh4 31. Qe8+ Kh7 32. Qxe5 Qe1 33. Nc3 Qxc3
34. Qxc5 Qe3+ 35. Kh1 Qf2 36. Bd3 Qh4+ 37. Kg1 Nf3+ 38. gxf3 Qg3+ 39. Kf1 Qxf3+
40. Ke1 Qxd3 41. Kf2 Qxe4 42. Qb6 Qf3+ 43. Kg1 Bh3 44. Qf2 Qd1+ 45. Kh2 Bg4 46.
c5 Bf3 47. Kg3 Bg4 48. Kh4 Qd8+ 49. Kg3 Qc7+ 50. Kh4 Qe7+ 51. Kg3 Qe5+ 52. Kg2
Qe2 53. Kg1 Qxf2+ 54. Kxf2 g5 55. b4 Bd7 56. Ke3 Bc6 57. Kd4 h4 58. Ke5 h3 59.
Kd6 h2 60. Kc7 h1=Q 61. Kb6 Qd5 62. a3 Qd8+ 63. Ka7 b5 64. a4 Qc7+ 65. Kxa6
Qb7+ 66. Ka5 Qa7# 0-1

[Event "12. Lichtenberger Sommer"]
[Site "Berlin"]
[Date "2013.08.21"]
[Round "5.106"]
[White "Zesewitz, Maik"]
[Black "Lange, Cecilia"]
[Result "0-1"]
[WhiteElo "1579"]
[BlackElo "1143"]
[PlyCount "66"]
[EventDate "2013.??.??"]
[WhiteTeam "SF Friedrichshagen"]
[BlackTeam "TSG Oberschöneweide e.V."]

1. f4 Nc6 2. Nf3 d5 3. e3 Bg4 4. Bb5 e6 5. Bxc6+ bxc6 6. b3 Bd6 7. Bb2 Nf6 8.
O-O O-O 9. h3 Bxf3 10. Rxf3 Qe7 11. d3 e5 12. g3 Rfe8 13. Qd2 exf4 14. gxf4 Bc5
15. d4 Bb6 16. Ba3 Qe4 17. Qf2 Qg6+ 18. Rg3 Ne4 19. Rxg6 Nxf2 20. Rg3 Nd1 21.
Bc1 c5 22. c3 cxd4 23. exd4 Re1+ 24. Kg2 f5 25. Bd2 Re2+ 26. Kf1 Rae8 27. Rf3
c5 28. Rd3 Rf2+ 29. Kg1 Ree2 30. Rg3 cxd4 31. cxd4 Bxd4 32. Nc3 Rf3+ 33. Kh1
Rf1+ 0-1

[Event "12. Lichtenberger Sommer"]
[Site "Berlin"]
[Date "2013.08.21"]
[Round "5.107"]
[White "Wolff, Marie Antoinette"]
[Black "Koerber, Bernhard"]
[Result "1-0"]
[WhiteElo "1239"]
[BlackElo "1611"]
[PlyCount "59"]
[EventDate "2013.??.??"]
[WhiteTeam "Leegebrucher Schachfreunde"]
[BlackTeam "SG Lasker Steglitz-Wilmersdorf"]

1. c4 Nf6 2. Nc3 g6 3. g3 Bg7 4. Bg2 O-O 5. Nf3 d5 6. cxd5 Nxd5 7. O-O Nc6 8.
a3 Re8 9. d4 a6 10. Nxd5 Qxd5 11. Ne5 Qb5 12. Nxc6 bxc6 13. Qc2 Bb7 14. Be3
Rab8 15. Rab1 a5 16. a4 Qa6 17. b4 Ba8 18. bxa5 Rxb1 19. Rxb1 Qxa5 20. Bxc6
Bxc6 21. Qxc6 Ra8 22. Ra1 e6 23. Qc4 c5 24. Ra2 cxd4 25. Bxd4 Bxd4 26. Qxd4 Qa7
27. Qe5 Qb7 28. Ra1 Ra6 29. Rd1 Qa8 30. Qf6 1-0

[Event "12. Lichtenberger Sommer"]
[Site "Berlin"]
[Date "2013.08.21"]
[Round "5.108"]
[White "Bui, Bao Anh Le"]
[Black "Schmidek, Johann"]
[Result "1/2-1/2"]
[WhiteElo "1102"]
[BlackElo "1424"]
[PlyCount "78"]
[EventDate "2013.??.??"]
[WhiteTeam "Treptower SV 1949 e.V."]
[BlackTeam "vereinslos"]

1. e4 c5 2. Nf3 Nc6 3. d4 cxd4 4. Nxd4 Nf6 5. Nc3 e5 6. Nf5 d6 7. Ng3 Be7 8.
Bc4 Bg4 9. f3 Bd7 10. Be3 O-O 11. O-O Na5 12. Bd5 Bc6 13. Nf5 Nxd5 14. Nxd5
Bxd5 15. Qxd5 Rc8 16. Nxe7+ Qxe7 17. Qxa5 Rxc2 18. Rf2 Rfc8 19. Rxc2 Rxc2 20.
Rc1 Rxc1+ 21. Bxc1 b6 22. Qd5 h5 23. Qc6 Kh7 24. Bd2 Qe6 25. b3 Qe7 26. Bb4 Qg5
27. Bxd6 Qe3+ 28. Kf1 Qd3+ 29. Ke1 Qb1+ 30. Kd2 Qxa2+ 31. Qc2 Qa5+ 32. b4 Qb5
33. Qd3 Qa4 34. Ke3 Qa1 35. Bxe5 Qe1+ 36. Kd4 Qxb4+ 37. Ke3 a5 38. Qc3 Qb5 39.
Bxg7 Qg5+ 1/2-1/2

[Event "12. Lichtenberger Sommer"]
[Site "Berlin"]
[Date "2013.08.21"]
[Round "5.110"]
[White "Lippianowski, Stefan"]
[Black "Dietzel, Uwe"]
[Result "0-1"]
[WhiteElo "1245"]
[BlackElo "1708"]
[PlyCount "64"]
[EventDate "2013.??.??"]
[WhiteTeam "Treptower SV 1949 e.V."]
[BlackTeam "TSV Lichtentanne SAbt"]

1. e4 b6 2. Bc4 Bb7 3. Nc3 e6 4. d4 Nf6 5. Nf3 Nxe4 6. d5 Nxc3 7. bxc3 Be7 8.
dxe6 dxe6 9. Qxd8+ Bxd8 10. O-O O-O 11. Bd3 Bf6 12. Bd2 Nd7 13. Rab1 Nc5 14.
Ne1 Rad8 15. Bf4 Rd7 16. Bb5 c6 17. Be2 Bxc3 18. Nd3 Nxd3 19. Bxd3 Rc8 20. Rb3
Bf6 21. Be2 c5 22. Rh3 Rd4 23. Be3 Rh4 24. Rg3 Rd8 25. Rd1 Rxd1+ 26. Bxd1 Ra4
27. Kf1 Ba6+ 28. Ke1 Bc3+ 29. Bd2 Re4+ 30. Re3 Rxe3+ 31. fxe3 Bxd2+ 32. Kxd2
Kf8 0-1

[Event "12. Lichtenberger Sommer"]
[Site "Berlin"]
[Date "2013.08.21"]
[Round "5.111"]
[White "Dittrich, Hans-Jürgen"]
[Black "Dathe, Frederick"]
[Result "0-1"]
[WhiteElo "1380"]
[BlackElo "1458"]
[PlyCount "60"]
[EventDate "2013.??.??"]
[WhiteTeam "vereinslos"]
[BlackTeam "Schachunion Berlin e.V."]

1. c4 e6 2. g3 Nf6 3. Bg2 Bb4 4. a3 Be7 5. Nc3 O-O 6. e4 c5 7. Rb1 Nc6 8. Nge2
Rb8 9. d3 a6 10. O-O b5 11. Bg5 h6 12. Bxf6 Bxf6 13. cxb5 axb5 14. b4 cxb4 15.
axb4 Qb6 16. Qe1 Ba6 17. h4 Rfc8 18. Kh2 Bb7 19. f4 Ra8 20. Qf2 Qxf2 21. Rxf2
Be7 22. e5 Rab8 23. Nxb5 Nxb4 24. Bxb7 Rxb7 25. Nd6 Bxd6 26. exd6 Rcb8 27. d4
Nc6 28. Rxb7 Rxb7 29. Rf1 Rb2 30. Re1 Nxd4 0-1

[Event "12. Lichtenberger Sommer"]
[Site "Berlin"]
[Date "2013.08.21"]
[Round "5.112"]
[White "Paris, Gerhard"]
[Black "Pilgrim, Wilfried"]
[Result "1-0"]
[WhiteElo "1587"]
[BlackElo "1508"]
[PlyCount "47"]
[EventDate "2013.??.??"]
[WhiteTeam "TSG Oberschöneweide e.V."]
[BlackTeam "SC Kreuzberg e.V."]

1. e4 c5 2. Nc3 Nc6 3. g3 Nf6 4. Bg2 e6 5. Nge2 d5 6. d4 dxe4 7. Nxe4 Nxe4 8.
Bxe4 cxd4 9. Bxc6+ bxc6 10. Qxd4 Bd7 11. Be3 c5 12. Qc3 Bc6 13. O-O Qe7 14. b4
Qf6 15. Qxf6 gxf6 16. bxc5 Bg7 17. Nd4 Ba4 18. Rab1 O-O 19. Rb4 Bd7 20. c6 Bc8
21. Rfb1 Ba6 22. c7 Rfe8 23. Rb8 Bf8 24. Rxa8 1-0

[Event "12. Lichtenberger Sommer"]
[Site "Berlin"]
[Date "2013.08.22"]
[Round "6.21"]
[White "Kohler, Thomas"]
[Black "Witte, Ronald"]
[Result "1/2-1/2"]
[WhiteElo "2263"]
[BlackElo "2040"]
[PlyCount "48"]
[EventDate "2013.??.??"]
[WhiteTeam "SC Zitadelle Spandau 1977 e.V."]
[BlackTeam "BSV 63 Chemie Weißensee"]

1. c4 e6 2. g3 d5 3. Bg2 Nf6 4. Nf3 c6 5. O-O Nbd7 6. Qc2 Bd6 7. d4 O-O 8. Nbd2
Re8 9. Rd1 e5 10. dxe5 Nxe5 11. Nxe5 Bxe5 12. Nf3 Qe7 13. cxd5 cxd5 14. Be3 Bg4
15. Qb3 Bd6 16. Rac1 Be6 17. Nd4 a6 18. Bg5 Be5 19. Nxe6 fxe6 20. Rc2 Rac8 21.
Rdc1 Rxc2 22. Qxc2 Qb4 23. Bd2 Qb6 24. Be3 Bd4 1/2-1/2

[Event "12. Lichtenberger Sommer"]
[Site "Berlin"]
[Date "2013.08.22"]
[Round "6.22"]
[White "Hermannsdörfer, Frank"]
[Black "Jaeger, Andre"]
[Result "0-1"]
[WhiteElo "2228"]
[BlackElo "2005"]
[PlyCount "80"]
[EventDate "2013.??.??"]
[WhiteTeam "SV 1861 Liebschwitz"]
[BlackTeam "SC Rochade e.V."]

1. b3 d5 2. Bb2 Bg4 3. f3 Bh5 4. e4 dxe4 5. Qe2 c6 6. Nc3 exf3 7. Nxf3 Nf6 8.
O-O-O e6 9. h3 Bxf3 10. Qxf3 Nbd7 11. g4 Qa5 12. Kb1 Bb4 13. Bg2 O-O-O 14. d4
Rhf8 15. Ne2 h5 16. Rhg1 hxg4 17. hxg4 Nh7 18. c4 Ng5 19. Qf4 f6 20. d5 cxd5
21. cxd5 e5 22. Qf5 Kb8 23. Rc1 Qa6 24. Nc3 Nc5 25. Bf1 Qa5 26. Bc4 a6 27. a4
Qc7 28. Na2 Bd2 29. Rc2 Bf4 30. Ba3 Nge4 31. b4 g6 32. Qxg6 Rg8 33. d6 Qxd6 34.
Bxg8 Qd3 35. Ka1 Qd4+ 36. Bb2 Qxg1+ 37. Nc1 Bxc1 38. Bxc1 Rd1 39. Qh6 Qd4+ 40.
Ka2 Qxb4 0-1

[Event "12. Lichtenberger Sommer"]
[Site "Berlin"]
[Date "2013.08.22"]
[Round "6.25"]
[White "Stark, Ingo"]
[Black "Kupfer, Michael"]
[Result "1/2-1/2"]
[WhiteElo "2134"]
[BlackElo "2018"]
[PlyCount "86"]
[EventDate "2013.??.??"]
[WhiteTeam "TSG Oberschöneweide e.V."]
[BlackTeam "SC Friesen Lichtenberg e.V."]

1. e4 e5 2. Nf3 Nc6 3. Bb5 a6 4. Ba4 Nf6 5. O-O Be7 6. Re1 b5 7. Bb3 d6 8. c3
O-O 9. h3 Na5 10. Bc2 d5 11. d4 dxe4 12. Nxe5 c5 13. Be3 Bb7 14. Nd2 Qc7 15.
Rc1 Bd6 16. b4 cxb4 17. cxb4 Nc4 18. Nexc4 bxc4 19. a3 Nd5 20. Nxe4 Nxe3 21.
fxe3 Bh2+ 22. Kh1 f5 23. Nd2 Bg3 24. Rf1 Rae8 25. Rxf5 Rxf5 26. Bxf5 Rxe3 27.
Qf1 Bd5 28. Bxh7+ Kxh7 29. Qf5+ g6 30. Qxd5 c3 31. Nf1 Re1 32. Rxe1 Bxe1 33.
Qg5 c2 34. Qc1 Qc4 35. Ne3 Qe2 36. Kh2 Bd2 37. Qxc2 Qxe3 38. d5 Qe5+ 39. g3
Qe2+ 40. Kh1 Qf3+ 41. Kh2 Qxd5 42. h4 Qd4 43. Qc7+ Kh6 1/2-1/2

[Event "12. Lichtenberger Sommer"]
[Site "Berlin"]
[Date "2013.08.22"]
[Round "6.28"]
[White "Pronobis, Wiktor"]
[Black "Rohde, Wolfgang"]
[Result "1-0"]
[WhiteElo "1892"]
[BlackElo "2171"]
[PlyCount "140"]
[EventDate "2013.??.??"]
[WhiteTeam "SC Weisse Dame e.V."]
[BlackTeam "SC Friesen Lichtenberg e.V."]

1. c4 Nf6 2. g3 c6 3. Bg2 d5 4. Nf3 Bf5 5. O-O e6 6. b3 h6 7. Bb2 Be7 8. d3 O-O
9. Qd2 Nbd7 10. Nc3 Bh7 11. Rac1 Re8 12. Rfd1 dxc4 13. bxc4 Qb6 14. h3 Rad8 15.
Qc2 Nc5 16. Rd2 Nh5 17. Rb1 Nxg3 18. Ba3 Qa6 19. Bxc5 Bxc5 20. Na4 Nxe2+ 21.
Rxe2 Bxd3 22. Nxc5 Bxc2 23. Nxa6 Bxb1 24. Nc5 b6 25. Nb3 Bd3 26. Re1 Bxc4 27.
Ne5 Bxb3 28. axb3 c5 29. Ra1 a5 30. Nc4 Rd3 31. Rb1 f6 32. Bf1 Rc3 33. Ne3 Rd8
34. Bc4 Kf7 35. Kg2 Rd2 36. Nf1 Rdc2 37. Bb5 Rc1 38. Rxc1 Rxc1 39. Nd2 Rc3 40.
Ba4 g5 41. Nc4 Rxc4 42. bxc4 f5 43. Kf3 Kf6 44. Ke3 h5 45. Bd1 h4 46. f3 Ke5
47. Bc2 Kf6 48. Bd1 Ke5 49. Bc2 g4 50. fxg4 fxg4 51. hxg4 h3 52. Kf3 h2 53. Kg2
h1=Q+ 54. Kxh1 Kf4 55. Bd1 a4 56. Bxa4 Kxg4 57. Bd7 Kf5 58. Kg2 Ke5 59. Kf3 Kf5
60. Ke3 Ke5 61. Kd3 Kf5 62. Kc3 Ke5 63. Kb3 Kd6 64. Be8 Ke5 65. Ka4 Kd4 66. Kb5
e5 67. Bh5 e4 68. Bg4 Kd3 69. Bf5 Kd4 70. Bxe4 Kxe4 1-0

[Event "12. Lichtenberger Sommer"]
[Site "Berlin"]
[Date "2013.08.22"]
[Round "6.29"]
[White "Batzaya, Ayush"]
[Black "Frübing, Thomas"]
[Result "0-1"]
[WhiteElo "1952"]
[BlackElo "2166"]
[PlyCount "86"]
[EventDate "2013.??.??"]
[WhiteTeam "SV Berolina Mitte e.V."]
[BlackTeam "SF Friedrichshagen"]

1. e4 e6 2. d4 d5 3. exd5 exd5 4. c4 Nf6 5. Nc3 Nc6 6. Nf3 Bb4 7. a3 Bxc3+ 8.
bxc3 O-O 9. Be2 dxc4 10. O-O Be6 11. Qc2 Qd5 12. Bf4 Qe4 13. Qd2 Nd5 14. Bg3
Nxc3 15. Qxc3 Qxe2 16. Rad1 Ne7 17. Rfe1 Nd5 18. Qc1 Qa2 19. Ng5 Rae8 20. Nxe6
fxe6 21. Qg5 Qxa3 22. Be5 Qe7 23. Qg4 Rf5 24. Re4 Ref8 25. Rde1 Qf7 26. f3 Nf6
27. Bxf6 Rxf6 28. Rxe6 Rxe6 29. Rxe6 Qf5 30. Re7 Qxg4 31. fxg4 Rc8 32. Kf2 a5
33. Ke3 a4 34. Kd2 b5 35. Kc3 a3 36. Re2 Ra8 37. Ra2 c6 38. h4 Kf7 39. g5 Ke6
40. g4 Kd5 41. h5 Ra4 42. g6 b4+ 43. Kd2 hxg6 0-1

[Event "12. Lichtenberger Sommer"]
[Site "Berlin"]
[Date "2013.08.22"]
[Round "6.30"]
[White "Kutschke, Jens"]
[Black "Höckendorf, Hartmut"]
[Result "0-1"]
[WhiteElo "1891"]
[BlackElo "2194"]
[PlyCount "62"]
[EventDate "2013.??.??"]
[WhiteTeam "Sfrd. Berlin 1903 e.V."]
[BlackTeam "BSG Pneumant Fürstenwalde e.V."]

1. e4 c5 2. Nf3 d6 3. d4 cxd4 4. Nxd4 Nf6 5. Nc3 g6 6. Be3 Bg7 7. f3 O-O 8. Qd2
Nc6 9. Bc4 Bd7 10. O-O-O Ne5 11. Bb3 Rc8 12. h4 h5 13. Bh6 Bxh6 14. Qxh6 Rxc3
15. bxc3 Qc7 16. Ne2 a5 17. Nf4 e6 18. g4 Qxc3 19. Kb1 a4 20. Nxh5 Nxh5 21.
gxh5 axb3 22. cxb3 Bb5 23. hxg6 Bd3+ 24. Rxd3 Qxd3+ 25. Kb2 fxg6 26. h5 Rxf3
27. Qc1 Rf2+ 28. Ka1 Qd4+ 29. Kb1 Qxe4+ 30. Ka1 Rc2 31. Qg1 Ng4 0-1

[Event "12. Lichtenberger Sommer"]
[Site "Berlin"]
[Date "2013.08.22"]
[Round "6.31"]
[White "Guzzetti, Luigi Enrico"]
[Black "Khorolskyi, Borys"]
[Result "1/2-1/2"]
[WhiteElo "1873"]
[BlackElo "2100"]
[PlyCount "89"]
[EventDate "2013.??.??"]
[WhiteTeam "C.S. Scacco Matto Como"]
[BlackTeam "vereinslos"]

1. e4 c6 2. d4 d5 3. Nc3 dxe4 4. Nxe4 Nd7 5. Nf3 Ngf6 6. Ng3 e6 7. Bd3 Be7 8.
O-O Qc7 9. Re1 O-O 10. c3 Re8 11. Qc2 c5 12. Be3 b6 13. Ng5 Nf8 14. dxc5 bxc5
15. h3 Bb7 16. c4 Bd6 17. N3e4 Nxe4 18. Bxe4 Bxe4 19. Nxe4 Be7 20. Rad1 Ng6 21.
Rd2 f5 22. Ng5 f4 23. Nxe6 Qe5 24. Rde2 Qxe6 25. Bxc5 Qf7 26. Bxe7 Rxe7 27.
Rxe7 Nxe7 28. Qe4 Re8 29. c5 Kf8 30. Qxh7 Ng6 31. Rc1 Qf5 32. c6 Qg5 33. Kh2 f3
34. Rg1 Kf7 35. gxf3 Qf5 36. b4 Rh8 37. Qxg6+ Qxg6 38. Rxg6 Kxg6 39. b5 Kf6 40.
a4 Ke6 41. Kg3 Kd6 42. Kg4 Kc5 43. h4 a6 44. f4 axb5 45. axb5 1/2-1/2

[Event "12. Lichtenberger Sommer"]
[Site "Berlin"]
[Date "2013.08.22"]
[Round "6.32"]
[White "Eichler, Jan-Christoph"]
[Black "Krefenstein, Sergej"]
[Result "0-1"]
[WhiteElo "2012"]
[BlackElo "2101"]
[PlyCount "100"]
[EventDate "2013.??.??"]
[WhiteTeam "Schachclub Oranienburg e.V."]
[BlackTeam "TuS Makkabi Berlin e.V."]

1. d4 Nf6 2. c4 g6 3. Nc3 Bg7 4. e4 d6 5. Be2 O-O 6. f4 c5 7. d5 b5 8. cxb5 a6
9. bxa6 Qa5 10. Bd2 Bxa6 11. Nf3 Bxe2 12. Qxe2 Qa6 13. e5 dxe5 14. fxe5 Nfd7
15. Bf4 h6 16. h4 e6 17. Rd1 Re8 18. Qxa6 Rxa6 19. O-O Rb6 20. b3 Rb4 21. Bg3
Rg4 22. Bh2 Nf8 23. Nb5 Na6 24. d6 Nb4 25. Nc7 Rd8 26. Rc1 Nd7 27. a3 Nd3 28.
Rc3 N3xe5 29. Nxe5 Nxe5 30. Rxc5 Nf3+ 31. Rxf3 Bd4+ 32. Kf1 Bxc5 33. b4 Bxd6
34. Bxd6 Rxd6 35. Ne8 Rd1+ 36. Ke2 Rgd4 37. Rb3 R4d2+ 38. Ke3 Rxg2 39. Nf6+ Kg7
40. Ne4 Rh2 41. Nf2 Re1+ 42. Kf3 Rf1 43. Rb2 Rxh4 44. b5 Ra1 45. b6 Rxa3+ 46.
Kg2 Ra8 47. Nd3 Rh5 48. b7 Rb8 49. Rb6 Rd5 50. Rb3 Rxd3 0-1

[Event "12. Lichtenberger Sommer"]
[Site "Berlin"]
[Date "2013.08.22"]
[Round "6.33"]
[White "Baranowsky, Peter"]
[Black "Hahlbohm, Matthias"]
[Result "0-1"]
[WhiteElo "1967"]
[BlackElo "2115"]
[PlyCount "90"]
[EventDate "2013.??.??"]
[WhiteTeam "Sfrd. Berlin 1903 e.V."]
[BlackTeam "TSG Oberschöneweide e.V."]

1. c4 Nf6 2. g3 e6 3. Bg2 d5 4. b3 d4 5. Nf3 c5 6. O-O Nc6 7. d3 Be7 8. e4 e5
9. h3 O-O 10. Bd2 h6 11. Qe2 Nh7 12. Na3 a6 13. Nc2 Be6 14. Rad1 b5 15. Nce1
Qc7 16. Kh2 Rfb8 17. Ng1 a5 18. f4 a4 19. Nef3 Bf6 20. fxe5 Nxe5 21. Nxe5 Bxe5
22. Bf4 axb3 23. Bxe5 Qxe5 24. axb3 bxc4 25. bxc4 Ra3 26. Rb1 Rab3 27. Rxb3
Rxb3 28. Nf3 Qb8 29. Rd1 Nf8 30. Rd2 Ng6 31. Ra2 f6 32. Rd2 h5 33. Qf2 h4 34.
Bf1 Ne5 35. Nxh4 Qb4 36. Kg2 Kf7 37. Qe2 g6 38. Qf2 Kg7 39. Qe2 Qa3 40. Qf2
Nxd3 41. Bxd3 Rxd3 42. Rxd3 Qxd3 43. Qf4 Qxc4 44. g4 Qe2+ 45. Kg3 Qe1+ 0-1

[Event "12. Lichtenberger Sommer"]
[Site "Berlin"]
[Date "2013.08.22"]
[Round "6.34"]
[White "George, Tom"]
[Black "Heuser, Philip"]
[Result "1/2-1/2"]
[WhiteElo "1901"]
[BlackElo "2123"]
[PlyCount "35"]
[EventDate "2013.??.??"]
[WhiteTeam "SG Blau-Weiß Stadtilm"]
[BlackTeam "SG Heidelberg-Kirchheim"]

1. e4 c6 2. Nc3 d5 3. f4 dxe4 4. Nxe4 Nd7 5. Qe2 Qc7 6. g3 Ngf6 7. Nf2 g6 8. b3
Bg7 9. Bb2 O-O 10. Nf3 b6 11. Bg2 Bb7 12. Nd3 Rad8 13. O-O Rfe8 14. Rae1 Nf8
15. Nde5 e6 16. Ng5 Re7 17. Bh3 c5 18. Bg2 1/2-1/2

[Event "12. Lichtenberger Sommer"]
[Site "Berlin"]
[Date "2013.08.22"]
[Round "6.35"]
[White "Albrecht, Rainer"]
[Black "Kapp, Frank"]
[Result "1-0"]
[WhiteElo "2112"]
[BlackElo "1908"]
[PlyCount "125"]
[EventDate "2013.??.??"]
[WhiteTeam "SC Kreuzberg e.V."]
[BlackTeam "TSV IFA Chemnitz"]

1. d4 e6 2. c4 f5 3. Nc3 Nf6 4. e3 d5 5. Qc2 c6 6. Bd3 Bd6 7. Nge2 Ne4 8. g3
Qe7 9. f3 Nf6 10. cxd5 exd5 11. Bxf5 Bxf5 12. Qxf5 O-O 13. Qd3 Na6 14. O-O Rae8
15. a3 Nc7 16. Bd2 b5 17. Kg2 Na8 18. Rae1 Nb6 19. Bc1 a5 20. Ng1 a4 21. e4
dxe4 22. fxe4 Qd7 23. Nf3 Nc4 24. Qc2 Be7 25. e5 Nd5 26. Nxd5 Qxd5 27. Qe4 Rd8
28. Rf2 h6 29. h4 b4 30. Qxd5+ cxd5 31. axb4 Bxb4 32. Ree2 Rc8 33. Rc2 Rb8 34.
g4 Ba5 35. h5 Rb3 36. Rce2 Re8 37. g5 Rb6 38. gxh6 gxh6 39. Kh3 Rbe6 40. Rg2+
Kh7 41. Nh4 Nd6 42. Ref2 Ne4 43. Rf7+ Kh8 44. Rgg7 Bd8 45. Ng6+ Rxg6 46. hxg6
Bg5 47. Rh7+ Kg8 48. Bxg5 Nxg5+ 49. Kg4 Nxh7 50. Rxh7 Rb8 51. Ra7 Rxb2 52. Kf5
Rf2+ 53. Ke6 Rg2 54. Kd7 Kg7 55. e6 Kxg6 56. e7 Kf5 57. Rxa4 Rg7 58. Kd8 Rg8+
59. e8=Q Rxe8+ 60. Kxe8 h5 61. Kd7 h4 62. Kc6 Ke4 63. Kc5 1-0

[Event "12. Lichtenberger Sommer"]
[Site "Berlin"]
[Date "2013.08.22"]
[Round "6.36"]
[White "Amelang, Thomas"]
[Black "Reiche, Andreas"]
[Result "1-0"]
[WhiteElo "2136"]
[BlackElo "1940"]
[PlyCount "87"]
[EventDate "2013.??.??"]
[WhiteTeam "SK Siemens München"]
[BlackTeam "SV Berolina Mitte e.V."]

1. e4 c5 2. Nc3 d6 3. d3 g6 4. Be3 Bg7 5. Qd2 Qa5 6. g3 b5 7. Bg2 Bb7 8. Nge2
Nc6 9. O-O Nd4 10. Nc1 a6 11. f4 b4 12. Nd1 Qc7 13. c3 Nc6 14. cxb4 cxb4 15.
Nb3 Nf6 16. h3 O-O 17. Rc1 a5 18. d4 a4 19. Na1 Qa5 20. d5 Nb8 21. Nc2 Ba6 22.
Re1 Rc8 23. Qxb4 Bd3 24. Qxa5 Rxa5 25. Nb4 Rxc1 26. Bxc1 Bb5 27. Nc3 Nfd7 28.
Be3 a3 29. Nxb5 Rxb5 30. bxa3 Bb2 31. Bf1 Ra5 32. Rb1 Bxa3 33. Nc6 Ra8 34.
Nxe7+ Kf8 35. Nc6 Na6 36. Bxa6 Rxa6 37. Nb8 Nxb8 38. Rxb8+ Ke7 39. Rb7+ Ke8 40.
Ra7 Rxa7 41. Bxa7 Bb2 42. Kf2 f5 43. Kf3 fxe4+ 44. Kxe4 1-0

[Event "12. Lichtenberger Sommer"]
[Site "Berlin"]
[Date "2013.08.22"]
[Round "6.38"]
[White "Püschel, Werner"]
[Black "Räcke, Norbert"]
[Result "1-0"]
[WhiteElo "2106"]
[BlackElo "1846"]
[PlyCount "71"]
[EventDate "2013.??.??"]
[WhiteTeam "SG Lasker Steglitz-Wilmersdorf"]
[BlackTeam "Queer-Springer SSV Berlin"]

1. Nf3 Nf6 2. c4 g6 3. b3 Bg7 4. Bb2 O-O 5. Qc2 d6 6. e3 e5 7. d3 Nc6 8. Be2
Re8 9. Nbd2 Bf5 10. e4 Bd7 11. a3 a5 12. Nf1 Nh5 13. g3 f5 14. Ne3 Nf6 15. exf5
gxf5 16. O-O f4 17. Ng2 fxg3 18. fxg3 Ng4 19. Nd2 Nd4 20. Bxd4 exd4 21. Bxg4
Bxg4 22. Ne4 d5 23. cxd5 Qxd5 24. Nf4 Qd7 25. Qc4+ Kh8 26. Ng5 Rf8 27. h3 Bf5
28. a4 Ra6 29. Rae1 h6 30. Nge6 Rf7 31. Nc5 Qd8 32. Nxa6 Re7 33. Nc5 Rxe1 34.
Rxe1 Qg5 35. Kh2 b6 36. Re8+ 1-0

[Event "12. Lichtenberger Sommer"]
[Site "Berlin"]
[Date "2013.08.22"]
[Round "6.39"]
[White "Millward, Kevin P"]
[Black "Brüning, Wolfgang"]
[Result "1-0"]
[WhiteElo "1920"]
[BlackElo "1962"]
[PlyCount "129"]
[EventDate "2013.??.??"]
[WhiteTeam "Athenaeum Chess Club London"]
[BlackTeam "Queer-Springer SSV Berlin"]

1. g3 f5 2. Bg2 Nf6 3. d3 e6 4. Nd2 d5 5. e4 Bc5 6. Qe2 O-O 7. Nb3 Bb6 8. e5
Ng4 9. d4 Nc6 10. Nf3 Bd7 11. h3 Nh6 12. c3 Nf7 13. h4 Kh8 14. Ng5 Qe7 15. Bf3
Ncd8 16. Bh5 a5 17. Be3 a4 18. Nd2 Be8 19. O-O c5 20. Bxf7 Nxf7 21. dxc5 Nxg5
22. cxb6 Nf7 23. Nf3 Ra5 24. b4 axb3 25. axb3 Bb5 26. Qc2 Rfa8 27. Rxa5 Rxa5
28. Ra1 Ra6 29. Rxa6 Bxa6 30. Qa2 h6 31. Qa5 g5 32. Qc5 Qxc5 33. Bxc5 Kh7 34.
Bd6 Bb5 35. Bc7 Kg6 36. Nd4 Bd7 37. Kg2 gxh4 38. gxh4 h5 39. c4 dxc4 40. bxc4
f4 41. Kf3 Nh6 42. Kxf4 Nf5 43. Nb3 Nxh4 44. Na5 Bc8 45. c5 Nf5 46. c6 bxc6 47.
b7 Bxb7 48. Nxb7 Nd4 49. Bb6 Ne2+ 50. Ke3 Nc3 51. Bd4 Nb5 52. Bb2 Kf5 53. Nd6+
Kg4 54. f3+ Kh3 55. Ne4 h4 56. Ng5+ Kg2 57. Nxe6 Nc7 58. Nf4+ Kg3 59. Ne2+ Kg2
60. Nf4+ Kg3 61. Nh5+ Kg2 62. Ke4 Nd5 63. e6 h3 64. Be5 Nc3+ 65. Kd3 1-0

[Event "12. Lichtenberger Sommer"]
[Site "Berlin"]
[Date "2013.08.22"]
[Round "6.41"]
[White "Alcer, Fabian"]
[Black "Penner, Markus"]
[Result "0-1"]
[WhiteElo "1776"]
[BlackElo "2026"]
[PlyCount "46"]
[EventDate "2013.??.??"]
[WhiteTeam "SV Empor Berlin e.V."]
[BlackTeam "SK Zehlendorf e.V."]

1. e4 e5 2. Nf3 Nc6 3. d4 exd4 4. Nxd4 Bc5 5. Nb3 Bb6 6. Nc3 d6 7. Qe2 Be6 8.
Be3 Nf6 9. f3 Qe7 10. O-O-O O-O-O 11. Bxb6 axb6 12. Qe3 Bxb3 13. cxb3 d5 14.
Qf4 dxe4 15. Rxd8+ Rxd8 16. Nxe4 Nxe4 17. fxe4 Qc5+ 18. Bc4 b5 19. Qxf7 Qe3+
20. Kb1 Qxe4+ 21. Kc1 bxc4 22. Qxc4 Nd4 23. Rf1 Ne2+ 0-1

[Event "12. Lichtenberger Sommer"]
[Site "Berlin"]
[Date "2013.08.22"]
[Round "6.42"]
[White "Strobel, Norbert"]
[Black "Werner, Justus"]
[Result "1/2-1/2"]
[WhiteElo "2048"]
[BlackElo "1737"]
[PlyCount "86"]
[EventDate "2013.??.??"]
[WhiteTeam "SV Koblenz 03/25"]
[BlackTeam "SG Blau-Weiß Stadtilm"]

1. d4 Nf6 2. Nf3 e6 3. Bg5 Be7 4. e3 b6 5. Bd3 Bb7 6. O-O O-O 7. Nbd2 h6 8. Bh4
d6 9. a4 a5 10. Nc4 Nbd7 11. c3 Ne4 12. Bxe7 Qxe7 13. Nfd2 Nxd2 14. Nxd2 e5 15.
Qg4 Rae8 16. Qf5 g6 17. Qh3 Kg7 18. e4 Nf6 19. Qe3 Nh5 20. d5 Nf4 21. Bb5 Qg5
22. Qg3 Qh5 23. Qf3 Qxf3 24. Nxf3 Re7 25. g3 Nh5 26. Nd2 f5 27. f3 Ref7 28. b4
Bc8 29. Kg2 fxe4 30. fxe4 Rxf1 31. Rxf1 Rxf1 32. Bxf1 Bg4 33. bxa5 bxa5 34. Bb5
Nf6 35. Bd3 Bd7 36. Nc4 Bxa4 37. Nxa5 Nd7 38. Kf2 Nc5 39. Ke3 Kf6 40. Nc4 Kg5
41. Be2 Bc2 42. h4+ Kf6 43. Bf3 Ke7 1/2-1/2